Etica de la hospitalidad
Sábháilte in:
| Príomhchruthaitheoir: | |
|---|---|
| Formáid: | LEABHAR |
| Teanga: | Spáinnis |
| Foilsithe / Cruthaithe: |
Barcelona
Península
2008
|
| Sraith: | Quinteto, 297
|
| Ábhair: | |
| Clibeanna: |
Cuir clib leis
Níl clibeanna ann, Bí ar an gcéad duine le clib a chur leis an taifead seo!
|
MARC
| LEADER | 00000cam a2200000 a 4500 | ||
|---|---|---|---|
| 001 | UCG8701 | ||
| 003 | CL-VaPUC | ||
| 008 | 111223e20080000SP |||||||||||||||||spa|d | ||
| 020 | |a 9788497110754 | ||
| 082 | 0 | 4 | |a 170 |b INN |2 21 |
| 100 | |a Innerarity Grau, Daniel |e author |9 601061 | ||
| 245 | 1 | 0 | |a Etica de la hospitalidad |
| 300 | |a 345 p | ||
| 942 | |c BK | ||
| 945 | |d 20111223 00:00:00 |a dcastane | ||
| 260 | |a Barcelona |b Península |c 2008 | ||
| 650 | 0 | |a Ética |9 255099 | |
| 650 | 0 | |a Hospitalidad |9 559817 | |
| 583 | |a last modification |c 20111223 12:06:00 |k Rodrigo Vera | ||
| 490 | 0 | |a Quinteto, 297 | |
| 999 | |c 346301 |d 346299 | ||
| 952 | |0 0 |1 0 |4 0 |6 170_000000000000000_INN_2008 |7 0 |8 A |9 446950 |a BIBARQ |b BIBARQ |d 2019-11-22 |i 479592K |l 1 |o 170 INN 2008 |p 479592K |q 2025-06-09 |r 2025-05-09 |s 2025-05-09 |w 2019-11-22 |y BK |k ARQ | ||